BRD oder DDR? - Statistiken

Allgemein
  • Dieses Quiz wurde 454 mal gespielt
  • Das Durchschnittsergebnis liegt bei 11 aus 15
Antwortstatistiken
Frage Antwort % Korrekt
Baden-Baden BRD
97%
Berlin Beide
96%
Freiburg BRD
95%
Schweinfurt BRD
90%
Bad Dürrheim BRD
88%
Weimar DDR
88%
Danzig Weder noch
87%
Bad Dürkheim BRD
85%
Finsterwalde DDR
80%
Wismar DDR
80%
Frankfurt Beide
75%
Dünkirchen Weder noch
62%
Bad Dürrenberg DDR
45%
Halle Beide
21%
Baden Weder noch
19%
Keine übereinstimmenden Quizze gefunden
Verteilung der Resultate
Anzahl Personen mit jedem Resultat
Perzentil nach korrekt beantworteten Fragen
Ihre Resultats-Entwicklung
Sie haben dieses Quiz noch nicht gespielt